Phúc ông tự truyện Những tư tưởng trác việt của nhà cách tân vĩ đại Fukuzawa Yukichi
保存先:
| 第一著者: | |
|---|---|
| その他の著者: | |
| フォーマット: | 図書 |
| 出版事項: |
Hà Nội
Lao Động
2014
|
| 主題: | |
| タグ: |
タグ追加
タグなし, このレコードへの初めてのタグを付けませんか!
|
| Thư viện lưu trữ: | Trung tâm Học liệu Lê Vũ Hùng, Trường Đại học Đồng Tháp |
|---|
| LEADER | 01025aam a22003618a 4500 | ||
|---|---|---|---|
| 001 | 00036065 | ||
| 005 | 20171026081025.0 | ||
| 008 | 170117s2014 ||||||Viesd | ||
| 020 | # | # | |c 139000 |a 978 604 59 4522 0 |
| 041 | 0 | # | |a Vie |
| 082 | 1 | 4 | |a 952.030 92 |b PH506Ô |
| 100 | 1 | # | |a Fukuzawa, Yukichi |
| 245 | 1 | 0 | |a Phúc ông tự truyện |c Fukuzawa Yukichi; Phạm Thu Giang |b Những tư tưởng trác việt của nhà cách tân vĩ đại Fukuzawa Yukichi |
| 260 | # | # | |a Hà Nội |b Lao Động |c 2014 |
| 300 | # | # | |a 527tr. |c 21cm. |
| 653 | # | # | |a Minh trị |
| 653 | # | # | |a Nhân Vật lịch sử |
| 653 | # | # | |a Nhật Bản |
| 653 | # | # | |a Sự nghiệp |
| 700 | 1 | # | |a Phạm Thu Giang |
| 852 | # | # | |b Kho đọc |j KD.0019495 |
| 852 | # | # | |j KD.0019495 |
| 910 | |d 17/01/2017 | ||
| 980 | # | # | |a Trung tâm Học liệu Lê Vũ Hùng, Trường Đại học Đồng Tháp |